000
00296pam a2200121a 44500
008
230405s2020 xxu||||| |||| 00| 0 eng d
041
_a
ENG
100
_a
Beiser Mahajan
245
_a
Concepts of Modern Physics
260
_a
New Delhi
_b
McGraw Hill Edu.
_c
2020
300
_a
622
906
_a
19115
999
_c
309613
_d
309613